[Event "Chinese League"]
[Site "Chaongqing CHN"]
[Date "2011.08.11"]
[Round "10"]
[White "Harika,D"]
[Black "Zhao Xue"]
[Result "1/2-1/2"]
[WhiteElo "2524"]
[BlackElo "2495"]

1.Nf3 Nf6 2.c4 b6 3.g3 c5 4.Bg2 Bb7 5.O-O g6 6.Nc3 Bg7 7.d4 cxd4 8.Qxd4 d6
9.Rd1 Nbd7 10.Be3 Rc8 11.Rac1 O-O 12.Qh4 Re8 13.b3 a6 14.Bh3 Rc6 15.g4 h5
16.gxh5 Nxh5 17.Nd5 Ndf6 18.Nb4 Rc5 19.Bxc5 Bxf3 20.Bxd6 Bxe2 21.Nc6 Qa8
22.Bg2 Kh7 23.Nd4 Qa7 24.Nxe2 exd6 25.Ng3 Bh6 26.Rb1 Qc7 27.Bf3 Re5 28.Re1 Qe7
29.Nxh5 gxh5 30.Rxe5 Qxe5 31.Rd1 Qf5 32.Bg2 Bf4 33.Qh3 Qg5 34.Qd3+ Kh6 35.h3 Kg7
36.Qf3 Nd7 37.Rd4 Be5 38.Rd5 Kf8 39.Qe3 Qf6 40.Rd1 Nc5 41.Qf3 Qg6 42.Kh1 Ne6
43.Rg1 Nf4 44.Qa8+ Ke7 45.Qb7+ Kf6 46.Bd5 Qh7 47.Be4 Qh6 48.Bd5 Qh7 49.Be4 Qh6
50.Qxb6 Ne6 51.Qe3 Bf4 52.Qc3+ Be5 53.Qe3 Bf4 54.Qc3+ Be5 55.Qf3+ Ke7 56.Bd5 Nf4
57.c5 dxc5 58.Bc4 Qb6 59.Qe4 Kf6 60.Bd3 Qd6 61.Bc4 Qd7 62.Qf3 a5 63.a4 Qxh3+
64.Qxh3 Nxh3 65.Rf1  1/2-1/2

[Event "Stare Mesto FIDE Open"]
[Site "Stare Mesto CZE"]
[Date "2011.08.13"]
[Round "2.10"]
[White "Lechtynsky,J"]
[Black "Stehlik,Jiri1"]
[Result "1-0"]
[WhiteElo "2349"]
[BlackElo "2015"]

1.Nf3 Nf6 2.c4 c5 3.g3 b6 4.Bg2 Bb7 5.O-O g6 6.b3 Bg7 7.Bb2 O-O 8.Nc3 Na6
9.d4 cxd4 10.Nxd4 Bxg2 11.Kxg2 Qc8 12.e4 Qb7 13.f3 d6 14.Qe2 Nc7 15.Rad1 a6
16.Nd5 Rfe8 17.Rfe1 Rad8 18.Qf2 Nd7 19.Qd2 e6 20.Nxc7 Qxc7 21.Ne2 Nc5 22.Bxg7 Kxg7
23.h4 h6 24.Nf4 Qb8 25.Qc3+ f6 26.Qc2 e5 27.Nd5 Rf8 28.h5 Qb7 29.hxg6 Ne6
30.Ne3 Kxg6 31.Nf5 Qc7 32.Rh1 Rh8 33.Rd5 Ng7 34.Nxg7 Kxg7 35.Qd2 Rd7 36.Rd1 Rhd8
37.f4 Qc6 38.f5 Qc7 39.Qe2 Kh8 40.Rh1 Rh7 41.Qd2 h5 42.Rh4 Qc6 43.Qe2 Qe8
44.Qd1 Qe7 45.Rxh5 Rxh5 46.Qxh5+ Kg8 47.Qd1 Qc7 48.Qe2 Kf7 49.Qd1 Ke7 50.Qg4 Rf8
51.a4 Qb8 52.Qg6 Qa8 53.Kf3 Qb8 54.g4 Rf7 55.Qh6 Qg8 56.Qe3 Qb8 57.g5 fxg5
58.Qxg5+ Rf6 59.Qg7+ Rf7 60.Qh6 Rf6 61.Qh7+ Rf7 62.Qh4+ Rf6 63.Rd2 Qf8 64.Rh2 Kd7
65.Qg5 Rf7 66.Qe3 Qb8 67.Rh6 Qb7 68.Qd3 Qc6 69.Qd5 Qxd5 70.cxd5 Rg7 71.f6 Rg1
72.Rh7+ Ke8 73.Rb7 b5 74.axb5 axb5 75.Rxb5  1-0

[Event "Stare Mesto FIDE Open"]
[Site "Stare Mesto CZE"]
[Date "2011.08.18"]
[Round "8"]
[White "Cerveny,M"]
[Black "Kislinsky,A"]
[Result "0-1"]
[WhiteElo "2347"]
[BlackElo "2521"]

1.Nf3 Nf6 2.c4 c5 3.g3 b6 4.Bg2 Bb7 5.O-O g6 6.Nc3 Bg7 7.d4 cxd4 8.Qxd4 d6
9.Rd1 Nbd7 10.Be3 Rc8 11.Rac1 O-O 12.Qh4 a6 13.b3 Re8 14.Bh6 Rc5 15.Bxg7 Kxg7
16.Qd4 b5 17.cxb5 axb5 18.Ne1 Bxg2 19.Nxg2 Qa8 20.Ne3 Rec8 21.b4 R5c7 22.g4 h6
23.f3 Ne5 24.Kf2 Kh7 25.h4 Rc4 26.Nxc4 Rxc4 27.Qd2 Nexg4+ 28.fxg4 Nxg4+ 29.Kg1 Qa7+
30.e3 Nxe3 31.Qf2 Rg4+ 32.Kh1 e6 33.Rg1 Qb7+ 34.Kh2 Qe7 35.Kh3 Rxb4 36.Rce1 Nf5
37.Rg4 Rc4 38.Nxb5 Rxg4 39.Kxg4 d5 40.Kh3 Qb4 41.Na7 d4 42.a4 Qxa4 43.Nc8 Qb3+
44.Kg4 h5+ 45.Kg5 Kg7 46.Kf4 Qb8+ 47.Ke4 Qxc8 48.Qf4 Qc6+ 49.Kd3 Qb5+ 50.Ke4 Qd5+
51.Kd3 Ne3 52.Rc1 Qb3+ 53.Ke4 f5+ 54.Kxd4 Qb2+ 55.Kd3 Qxc1 56.Qd4+ Kh7 57.Qd7+ Kh6
58.Qe8 Qa3+ 59.Ke2 Qc3  0-1

[Event "Stare Mesto FIDE Open"]
[Site "Stare Mesto CZE"]
[Date "2011.08.19"]
[Round "9"]
[White "Zeberski,J"]
[Black "Shanel,J"]
[Result "1-0"]
[WhiteElo "2382"]
[BlackElo "2190"]

1.Nf3 b6 2.g3 Bb7 3.Bg2 g6 4.O-O Nf6 5.c4 c5 6.Nc3 Bg7 7.d3 O-O 8.e4 Nc6
9.Nh4 Nd4 10.e5 Bxg2 11.exf6 Bb7 12.fxg7 Kxg7 13.Ne2 d5 14.Nxd4 cxd4 15.b3 Qd7
16.Qe2 Kg8 17.Bh6 Rfe8 18.f4 dxc4 19.bxc4 Qc6 20.Nf3 Rad8 21.Rae1 Rd6 22.h4 f6
23.Kh2 Qd7 24.Nd2 Bc8 25.Ne4 Qh3+ 26.Kg1 Re6 27.Qf2 Bb7 28.f5 Re5 29.fxg6 hxg6
30.Bf4 Re6 31.Qxd4 g5 32.hxg5 fxg5 33.Re2 Rh6 34.Bxg5 e5 35.Bxh6 exd4 36.Nf6+ Kf7
37.Nxe8+ Kg6 38.Rf6+ Kh5 39.Re5+ Kg4 40.Rg5+  1-0

[Event "TCh-SRB Premier Men"]
[Site "Valjevo SRB"]
[Date "2011.09.02"]
[Round "7.2"]
[White "Barlov,D"]
[Black "Jeremic,V"]
[Result "0-1"]
[WhiteElo "2475"]
[BlackElo "2519"]

1.c4 Nf6 2.Nf3 c5 3.g3 b6 4.Bg2 Bb7 5.O-O g6 6.Nc3 Bg7 7.Re1 O-O 8.e4 Nc6
9.d3 d6 10.a3 Nd7 11.Rb1 Nd4 12.h4 Nxf3+ 13.Bxf3 Ne5 14.Bg2 h5 15.Nd5 e6
16.Ne3 Nc6 17.Bd2 a5 18.Nc2 Qd7 19.Bc3 Nd4 20.Bxd4 cxd4 21.b4 Bc6 22.b5 Bb7
23.f4 f5 24.exf5 Bxg2 25.Kxg2 Rxf5 26.Qe2 e5 27.fxe5 Rxe5 28.Qf1 Rf5 29.Qe2 Raf8
30.Rf1 Qb7+ 31.Kh2 Rf3 32.Rxf3 Qxf3 33.Re1 Be5 34.Qg2 Qxd3 35.c5 Bxg3+ 36.Qxg3 Qxc2+
37.Kg1 dxc5  0-1

[Event "8th LGA Premium Cup"]
[Site "Nuernberg GER"]
[Date "2011.09.10"]
[Round "4.90"]
[White "Madlo Thiess,F"]
[Black "Siegl,Adrian"]
[Result "1-0"]
[WhiteElo "1897"]
[BlackElo "1766"]

1.c4 c5 2.Nf3 Nf6 3.g3 b6 4.Bg2 Bb7 5.O-O g6 6.Nc3 Bg7 7.d3 O-O 8.Bg5 d6
9.Qd2 Nbd7 10.Bh6 Qc7 11.Bxg7 Kxg7 12.e4 Ng4 13.Nh4 e5 14.h3 Ngf6 15.Kh1 Nh5
16.Nf5+ Kh8 17.Qh6 Rg8 18.Nb5 Qb8 19.Nbxd6 Rf8 20.Nxb7 Qxb7 21.g4 gxf5 22.Qxh5 fxg4
23.Qxg4 Rg8 24.Qf5 Rg7 25.Bf3 Qc7 26.Bg4 Nf8 27.f4 Ng6 28.fxe5 Nxe5 29.Qf4 Qe7
30.Be2 Qe6 31.Qf5 Qd6 32.Qf6 Nxc4 33.dxc4 Qd7 34.Bg4 Qd3 35.Rad1 Qxc4 36.Rd8+ Rxd8
37.Qxd8+ Rg8 38.Qf6+ Rg7 39.Rd1 Qxe4+ 40.Bf3 Qe8 41.Rd8 Qxd8 42.Qxd8+ Rg8
43.Qf6+ Rg7 44.Bd5 c4 45.Bxf7 c3 46.bxc3 b5 47.Qd8+ Rg8 48.Qxg8+  1-0

[Event "ch-Euro Youth b16"]
[Site "Albena BUL"]
[Date "2011.09.12"]
[Round "2.12"]
[White "Santos Latasa,J"]
[Black "Draskovic,L"]
[Result "1-0"]
[WhiteElo "2309"]
[BlackElo "2153"]

1.Nf3 Nf6 2.c4 b6 3.g3 c5 4.Bg2 Bb7 5.O-O g6 6.Nc3 Bg7 7.Re1 O-O 8.e4 Nc6
9.e5 Ne8 10.d4 Nxd4 11.Nxd4 Bxg2 12.Kxg2 cxd4 13.Qxd4 d6 14.Bf4 Nc7 15.Qe3 Ne6
16.Bh6 Bxh6 17.Qxh6 dxe5 18.Rxe5 Nc5 19.Rd5 Qc7 20.Rad1 Rad8 21.Rxd8 Rxd8
22.Nd5 Qb7 23.Kg1 Re8 24.Re1 Ne6 25.h4 b5 26.b3 bxc4 27.bxc4 Qa6 28.Rb1 Qxa2
29.Nxe7+ Kh8 30.Rb7 Qa1+ 31.Kg2 Qf6 32.Rxa7 Nd4 33.Qe3 Ne6 34.Nd5 Qg7 35.c5 Nc7
36.Rxc7  1-0

[Event "TCh-Central Serbia 2011"]
[Site "Kraljevo SRB"]
[Date "2011.09.21"]
[Round "6"]
[White "Martinovic,Sl"]
[Black "Todorovic,GN"]
[Result "1/2-1/2"]
[WhiteElo "2436"]
[BlackElo "2396"]

1.Nf3 Nf6 2.c4 b6 3.g3 Bb7 4.Bg2 c5 5.O-O g6 6.b3 Bg7 7.Bb2 O-O 8.e3 d6 9.d4 e6
10.Nc3 Ne4 11.Qc2 Nxc3 12.Bxc3 Nd7 13.e4 cxd4 14.Bxd4 Bxd4 15.Nxd4 a6 16.Rad1 Qc7
17.Qd2 Nf6 18.Rfe1 Rfd8 19.h3 Kg7 20.Qe3 Bc6 21.Rc1 Rac8 22.a4 Rd7 23.b4 Qb8
24.Nb3 Ba8 25.e5 dxe5 26.Bxa8 Qxa8 27.Qxe5 Rd3 28.Rc3 Rcd8 29.a5 Qf3 30.Rxd3  1/2-1/2

[Event "Tatry Open"]
[Site "Tatranske Zruby SVK"]
[Date "2011.09.25"]
[Round "1.19"]
[White "Obona,J"]
[Black "Ramik,Z"]
[Result "1/2-1/2"]
[WhiteElo "2151"]
[BlackElo "2294"]

1.Nf3 Nf6 2.c4 b6 3.g3 Bb7 4.Bg2 c5 5.O-O g6 6.b3 Bg7 7.Bb2 O-O 8.Nc3 Nc6
9.d4 Nxd4 10.Nxd4 Bxg2 11.Kxg2 cxd4 12.Qxd4 d6 13.Ne4 Qd7 14.Nxf6+ Bxf6 15.Qd2 Bxb2
16.Qxb2 b5 17.Rac1 Rfc8 18.cxb5 Qxb5 19.Qd2 Rc6 20.Kg1 Rac8 21.Rxc6 Qxc6
22.Qe3 Rc7 23.Rd1 Qa6 24.a4 Qc6 25.Rd4 Qc5  1/2-1/2

[Event "Belgrade Premier League 2011"]
[Site "Belgrade SRB"]
[Date "2011.10.05"]
[Round "5.3"]
[White "Katanic Vujic,P"]
[Black "Vujadinovic,M"]
[Result "1-0"]
[WhiteElo "2314"]
[BlackElo "2158"]

1.Nf3 b6 2.g3 Bb7 3.Bg2 Nf6 4.c4 c5 5.O-O g6 6.d4 cxd4 7.Qxd4 Bg7 8.Nc3 O-O
9.Qh4 d6 10.Bh6 Nbd7 11.Rac1 Rc8 12.b3 a6 13.Bh3 e6 14.Rfd1 Rc5 15.Bxg7 Kxg7
16.Qd4 Qa8 17.Qxd6 Rh5 18.Bg2 b5 19.Qd4 e5 20.Qd6 bxc4 21.bxc4 Re8 22.Nd5 Re6
23.Qa3 Nxd5 24.cxd5 Bxd5 25.Ng5 Nb6 26.Nxe6+ fxe6 27.Qe7+  1-0

[Event "II Oliver Gonzalez Memorial"]
[Site "Madrid ESP"]
[Date "2011.10.09"]
[Round "3"]
[White "Anton Guijarro,D"]
[Black "Ronka,E"]
[Result "1-0"]
[WhiteElo "2462"]
[BlackElo "2029"]

1.Nf3 Nf6 2.c4 b6 3.g3 c5 4.Bg2 Bb7 5.O-O g6 6.Nc3 Bg7 7.d3 O-O 8.Bg5 h6
9.Bd2 d5 10.cxd5 Nxd5 11.Qc1 Kh7 12.a4 e6 13.a5 Nc6 14.Nxd5 exd5 15.Ra4 Ne7
16.Ra2 Qd7 17.Qb1 b5 18.a6 Bc6 19.Rc1 c4 20.b3 Rac8 21.Rac2 cxd3 22.exd3 Ba8
23.Bb4 Rxc2 24.Rxc2 Rc8 25.Bxe7 Rxc2 26.Qxc2 Qxe7 27.Qc8 Qf8 28.Qc7 Qe8 29.Qxa7 Bc6
30.Qc7 Qe2 31.h4 Qe8 32.a7 Kg8 33.Qb8 Kf8 34.Bh3 Ke7 35.Qc7+ Kf8 36.Qd6+ Kg8
37.Qb8 Kf8 38.Bd7  1-0

[Event "33rd Arco Open"]
[Site "Arco ITA"]
[Date "2011.10.24"]
[Round "3"]
[White "Di Lazzaro,G"]
[Black "Badano,F"]
[Result "1-0"]
[WhiteElo "1890"]
[BlackElo "1741"]

1.Nf3 Nf6 2.g3 b6 3.Bg2 Bb7 4.c4 c5 5.O-O g6 6.d4 cxd4 7.Qxd4 Nc6 8.Qd1 Bg7
9.Nc3 O-O 10.Rb1 d6 11.Bg5 Qd7 12.Qd2 Rfd8 13.Rfd1 Rac8 14.Bh6 Bh8 15.h3 Rc7
16.b3 Qc8 17.Nb5 Rcd7 18.Qf4 Nh5 19.Qe3 Qa8 20.Nc3 Ne5 21.Nd5 e6 22.Nf4 Nxf3+
23.exf3 Nxf4 24.Qxf4 d5 25.cxd5 Rxd5 26.Rxd5 Rxd5 27.g4 Rd3 28.Rc1 Qd8 29.Rc7 Rd2
30.Kh2 Rd7 31.Rxd7 Qxd7 32.Qb8+ Bc8 33.Bf1 Qb7 34.Qd6 Be5+ 35.Qxe5 f5 36.Bc4 Qe7
37.gxf5 gxf5 38.Qxf5 Qc7+ 39.Qf4 Qc5 40.Qg3+  1-0

[Event "15th OIBM"]
[Site "Bad Wiessee GER"]
[Date "2011.10.29"]
[Round "1.2"]
[White "Suligoy,A"]
[Black "Nisipeanu,LD"]
[Result "0-1"]
[WhiteElo "1945"]
[BlackElo "2638"]

1.Nf3 Nf6 2.c4 b6 3.g3 Bb7 4.Bg2 c5 5.O-O g6 6.Nc3 Bg7 7.Qc2 O-O 8.e4 Nc6
9.d3 Ne8 10.Re1 Nc7 11.Be3 Ne6 12.Rad1 f5 13.exf5 Rxf5 14.Nh4 Rf7 15.Qc1 Bf6
16.Bd5 Bxh4 17.Bxe6 dxe6 18.gxh4 Ne5 19.Ne4 Nf3+ 20.Kf1 Qc7 21.Ke2 Bxe4 22.dxe4 Nxe1
23.Rxe1 Qxh2  0-1

[Event "II Latin American Cup"]
[Site "Montevideo URU"]
[Date "2011.11.05"]
[Round "8.59"]
[White "Heinecke,L"]
[Black "Coppola,C"]
[Result "1-0"]
[WhiteElo "1968"]
[BlackElo "2092"]

1.Nf3 Nf6 2.c4 c5 3.g3 b6 4.Bg2 Bb7 5.O-O g6 6.Nc3 Bg7 7.d4 Ne4 8.Nxe4 Bxe4
9.d5 d6 10.Ne1 Bxg2 11.Kxg2 b5 12.cxb5 a6 13.bxa6 Nxa6 14.e4 O-O 15.Nc2 Qd7
16.Ne3 Rfb8 17.Nc4 Rb4 18.Qc2 Qb5 19.Na3 Qb7 20.Rb1 Nc7 21.b3 f5 22.f3 fxe4
23.fxe4 e6 24.Nc4 exd5 25.a3 Rb5 26.Nxd6 Qc6 27.Nxb5 Nxb5 28.Bb2 dxe4 29.Qc4+ Kh8
30.Bxg7+ Kxg7 31.Qf7+ Kh8 32.a4 Nd4 33.Rf6 Qe8 34.Rbf1 Nf5 35.R6xf5 gxf5
36.Qf6+ Kg8 37.Rxf5 h6 38.Qxh6  1-0

[Event "21st World Seniors Women"]
[Site "Rijeka CRO"]
[Date "2011.11.16"]
[Round "2.5"]
[White "Mira,H"]
[Black "Saunina,L"]
[Result "0-1"]
[WhiteElo "2098"]
[BlackElo "2274"]

1.Nf3 Nf6 2.c4 b6 3.g3 Bb7 4.Bg2 c5 5.O-O g6 6.d4 cxd4 7.Qxd4 Bg7 8.Nc3 O-O
9.Qh4 d6 10.Bh6 Nbd7 11.Rac1 Rc8 12.Bxg7 Kxg7 13.Qd4 Kg8 14.b3 Nc5 15.Rfd1 a6
16.Nd5 Ncd7 17.Ne1 Nxd5 18.Bxd5 Qc7 19.Bxb7 Qxb7 20.Qe3 Nf6 21.Nd3 Rc7 22.Nf4 Rfc8
23.Nd5 Nxd5 24.cxd5 Rc2 25.Rxc2 Rxc2 26.Rd2 Rc1+ 27.Kg2 Rc5 28.Qf3 Qc7 29.Qd3 b5
30.h4 h5 31.Qd4 Rc1 32.Rd1 Qc3 33.Qxc3 Rxc3 34.Rd2 f5 35.f3 Kf7 36.Kf2 Kf6
37.f4 e5 38.dxe6 Kxe6 39.e3 d5 40.Ke2 Kd6 41.Kf2 a5 42.Ke2 Kc6 43.Kf2 Kc5
44.Ke2 a4 45.bxa4 bxa4 46.Rb2 a3 47.Rd2 Rc1 48.Rd3 Rc2+ 49.Rd2 Rb2 50.Kd3 Rxd2+
51.Kxd2 d4 52.Kd3 dxe3 53.Kxe3 Kc4 54.Kd2 Kd4 55.Kc2 Ke3 56.Kb3 Kf3 57.Kxa3 Kxg3
58.Kb4 Kxf4 59.a4 Kg3 60.a5 f4 61.a6 f3 62.a7 f2 63.a8=Q f1=Q 64.Qd8 Qf4+  0-1

[Event "TCh-BEL 2011-12"]
[Site "Belgium BEL"]
[Date "2011.12.04"]
[Round "5.6"]
[White "Hautot,S"]
[Black "Veltkamp,G"]
[Result "1-0"]
[WhiteElo "2405"]
[BlackElo "2207"]

1.Nf3 Nf6 2.g3 b6 3.Bg2 Bb7 4.O-O c5 5.c4 g6 6.Nc3 Bg7 7.d4 cxd4 8.Qxd4 O-O
9.Qh4 d6 10.Bh6 Nbd7 11.Rac1 Rc8 12.b3 Rc5 13.Bxg7 Kxg7 14.Rfd1 Qa8 15.b4 Rf5
16.Qd4 Bxf3 17.Bxf3 Rxf3 18.exf3 Ne5 19.Qe3 Nxf3+ 20.Kg2 Nh4+ 21.Kf1 Nf5
22.Qd3 e5 23.f3 b5 24.c5 dxc5 25.bxc5 Rd8 26.Qxd8 Qxf3+ 27.Kg1 Nd4 28.Rxd4 Qe3+
29.Kg2 exd4 30.Qxf6+  1-0

[Event "50th TCh-DEN XtraCon 2011-12"]
[Site "Denmark DEN"]
[Date "2011.12.04"]
[Round "3.1"]
[White "Hagen,Andr"]
[Black "Sorensen,Jan1"]
[Result "0-1"]
[WhiteElo "2454"]
[BlackElo "2426"]

1.Nf3 Nf6 2.c4 b6 3.g3 Bb7 4.Bg2 c5 5.O-O g6 6.Nc3 Bg7 7.d4 cxd4 8.Qxd4 d6
9.Rd1 Nbd7 10.Qh4 Rc8 11.Ne1 Bxg2 12.Nxg2 a6 13.Ne3 O-O 14.Bd2 Re8 15.Rac1 Qc7
16.g4 Qb7 17.g5 Nh5 18.b3 b5 19.cxb5 axb5 20.Qb4 Rc5 21.Ng4 Nb8 22.Qe4 Qd7
23.Qf3 Nc6 24.Qh3 Kf8 25.Ne4 Rxc1 26.Bxc1 Qf5 27.Qg2 Nd4 28.f3 Rc8 29.Be3 Ne6
30.Qf1 d5 31.Rc1 Rd8 32.Ng3 Nxg3 33.hxg3 d4 34.Bd2 Nxg5 35.Nf2 Ne6 36.Nd3 h5
37.Rc6 Bf6 38.Qc1 Qh3 39.Qe1 Ra8 40.Rc2 Kg7 41.Qf2 Qf5 42.Qg2 Rd8 43.Qf1 Be5
44.f4 Bd6 45.Qf3 Nc5 46.Ba5 Rd7 47.Bb6 Nxd3 48.Qxd3 Qxd3 49.exd3 e5 50.fxe5 Bxe5
51.Kg2 Rd6 52.Bc5 Ra6 53.Re2 Kf6 54.a3 Rc6 55.Be7+ Ke6 56.a4 bxa4 57.bxa4 Ra6
58.Bd8 Rxa4 59.Bc7 f6 60.Bxe5 fxe5 61.Kf3 Kf5 62.Rb2 Ra3 63.Ke2 g5  0-1

[Event "8th Vasylyshyn Mem IM"]
[Site "Lviv UKR"]
[Date "2011.12.04"]
[Round "6"]
[White "Shtembuliak,E"]
[Black "Buksa,N"]
[Result "0-1"]
[WhiteElo "2119"]
[BlackElo "2062"]

1.Nf3 Nf6 2.g3 b6 3.Bg2 Bb7 4.O-O c5 5.c4 g6 6.Nc3 Bg7 7.d3 O-O 8.Bd2 d5
9.cxd5 Nxd5 10.Rb1 Na6 11.Nxd5 Bxd5 12.Bc3 Nc7 13.Bxg7 Kxg7 14.a3 a5 15.h4 Ne6
16.Qa4 Qd6 17.h5 Rab8 18.Rfe1 Bc6 19.Qh4 a4 20.Ng5 Bxg2 21.Nxe6+ Qxe6 22.Kxg2 Qd5+
23.Kg1 Qxh5 24.Qxa4 Qe5 25.b4 h5 26.Rbc1 h4 27.gxh4 b5 28.Qd1 cxb4 29.axb4 Qf4
30.e3 Qxh4 31.d4 Qh3 32.Qc2 Rh8 33.Qc6 Rh4 34.Qg2 Rg4 35.Qxg4 Qxg4+ 36.Kf1 Rh8  0-1

[Event "XVII Navalmoral Open"]
[Site "Navalmoral de la Mata ESP"]
[Date "2011.12.06"]
[Round "7"]
[White "Teske,H"]
[Black "Fedorchuk,S"]
[Result "1/2-1/2"]
[WhiteElo "2538"]
[BlackElo "2632"]

1.Nf3 Nf6 2.c4 b6 3.g3 c5 4.Bg2 Bb7 5.O-O g6 6.b3 Bg7 7.Bb2 O-O 8.Nc3 d6
9.d4 cxd4 10.Nxd4 Bxg2 11.Kxg2 d5 12.cxd5 Nxd5 13.Rc1 a6  1/2-1/2

[Event "Chin Van Xanddorj GM"]
[Site "Ulaanbaatar MGL"]
[Date "2011.12.10"]
[Round "7"]
[White "Assanov,B"]
[Black "Badmatsyrenov,O"]
[Result "0-1"]
[WhiteElo "2442"]
[BlackElo "2464"]

1.Nf3 c5 2.g3 b6 3.Bg2 Bb7 4.O-O Nf6 5.c4 g6 6.a3 Bg7 7.b4 O-O 8.Bb2 Nc6
9.Qb3 Rb8 10.Nc3 e6 11.Na4 Qe7 12.Rab1 Ba8 13.d3 d6 14.e3 Rfd8 15.Rfc1 Bh6
16.Nc3 Ng4 17.Re1 Nce5 18.Ne4 Nxf3+ 19.Bxf3 Ne5 20.Bg2 f5 21.Nd2 Bxg2 22.Kxg2 Qb7+
23.Kg1 Rd7 24.bxc5 Nf7 25.cxb6 axb6 26.Qd1 Ng5 27.e4 e5 28.Nf3 Ne6 29.h4 Rf8
30.Nh2 Rdf7 31.exf5 Rxf5 32.Re2 g5 33.Ng4 Bg7 34.h5 h6 35.Ne3 Rf3 36.Bc3 Qf7
37.Rxb6 Rxf2 38.Rxd6 Qf3  0-1

[Event "Schachbundesliga 2011-12"]
[Site "Hamburg GER"]
[Date "2011.12.11"]
[Round "7"]
[White "Kempinski,R"]
[Black "Fedorchuk,S"]
[Result "1/2-1/2"]
[WhiteElo "2604"]
[BlackElo "2635"]

1.Nf3 Nf6 2.c4 b6 3.g3 c5 4.Bg2 Bb7 5.O-O g6 6.e3 Bg7 7.d4 O-O 8.Re1 Nc6
9.d5 Na5 10.Na3 b5 11.Nxb5 Nxc4 12.e4 Qa5 13.Nc3 d6 14.Bf1 Ba6 15.Qa4 Qxa4
16.Nxa4 Nd7 17.Rb1 Ndb6 18.b3 Nxa4 19.bxa4 Rfb8 20.Bg5 f6 21.Bd2 Nxd2 22.Nxd2 Bxf1
23.Kxf1 f5 24.exf5 Bc3 25.Ke2 gxf5 26.Kd3 Bxd2 27.Kxd2 Kf7 28.Kc3 a6 29.Kc4 h5
30.a3 h4 31.a5 Rxb1 32.Rxb1 Rg8 33.Rb6 Rg4+ 34.Kb3 f4 35.gxf4 Rg2 36.Rxa6 Rxh2
37.Ra8 Rxf2 38.a6 Rf3+ 39.Ka4 Rxf4+ 40.Ka5 Kg7 41.a7 h3 42.Rb8 h2 43.Rb1 Rf8
44.Kb6 c4 45.Kb7 Rf3 46.a8=Q Rb3+ 47.Rxb3 cxb3 48.Qa4 h1=Q 49.Qxb3 e6 50.Kc6 exd5
51.Kxd6 Qf1 52.Qg3+ Kf7 53.Kxd5 Qb5+ 54.Kd4 Qa4+ 55.Kc5 Qa5+ 56.Kc6 Qa6+
57.Kc7 Qa7+ 58.Kd8 Qa8+ 59.Kd7 Qa7+  1/2-1/2

[Event "Sportaccord WMG Blitz"]
[Site "Beijing CHN"]
[Date "2011.12.13"]
[Round "10"]
[White "Vallejo Pons,F"]
[Black "Almasi,Z"]
[Result "0-1"]
[WhiteElo "2705"]
[BlackElo "2707"]

1.Nf3 Nf6 2.c4 b6 3.g3 c5 4.Bg2 Bb7 5.O-O g6 6.Nc3 Bg7 7.d4 cxd4 8.Qxd4 d6
9.Be3 Nbd7 10.Rac1 Rc8 11.b3 O-O 12.Qh4 a6 13.Rfd1 Rc7 14.Bh3 Qb8 15.g4 e6
16.g5 Ne8 17.Nd4 Nc5 18.b4 Nd7 19.Nxe6 fxe6 20.Bxe6+ Kh8 21.Nd5 Bxd5 22.cxd5 Ne5
23.Bd4 Rxc1 24.Rxc1 Nc7 25.Rc3 Qe8 26.Rh3 h5 27.gxh6 Bf6 28.Qe4 Qxe6 29.Rg3 Qf5  0-1

[Event "XXIII Roquetas Open"]
[Site "Roquetas de Mar ESP"]
[Date "2012.01.04"]
[Round "4"]
[White "Camacho Collados,J"]
[Black "Cuenca Jimenez,J"]
[Result "1/2-1/2"]
[WhiteElo "2357"]
[BlackElo "2474"]

1.Nf3 Nf6 2.g3 b6 3.Bg2 Bb7 4.O-O c5 5.c4 g6 6.Nc3 Bg7 7.Re1 O-O 8.e4 Nc6
9.e5 Ne8 10.d4 Nxd4 11.Nxd4 Bxg2 12.Kxg2 cxd4 13.Qxd4 d6 14.Bf4 e6 15.Rad1 Qc8
16.h4 Qc6+ 17.f3 Rc8 18.b3 a6 19.Rd3 b5 20.cxb5 axb5 21.Qb4 dxe5 22.Bxe5 f6
23.Bd4 Nc7 24.Qc5 Qa8 25.Qb6 Rf7 26.Red1 Rb8 27.Qa7 b4 28.Na4 Nd5 29.Qxa8 Rxa8
30.R1d2 Rc7 31.Nb6 Nxb6 32.Bxb6 Rc6 33.Rd8+ Rxd8 34.Rxd8+ Bf8 35.Ba5 Kf7
36.Rd7+ Kg8 37.Rd8 Kf7 38.Rd7+ Kg8 39.Rd8  1/2-1/2

[Event "37th Seville Open"]
[Site "Seville ESP"]
[Date "2012.01.08"]
[Round "2"]
[White "Matamoros Franco,C"]
[Black "Carrabeo Garcia,M"]
[Result "1-0"]
[WhiteElo "2552"]
[BlackElo "2123"]

1.Nf3 Nf6 2.c4 c5 3.g3 b6 4.Bg2 Bb7 5.O-O g6 6.Nc3 Bg7 7.d4 cxd4 8.Qxd4 d6
9.Be3 Nbd7 10.Rac1 O-O 11.Qh4 Rc8 12.b3 a6 13.Rfd1 Rc7 14.Bh3 Qb8 15.g4 b5
16.g5 Bxf3 17.exf3 b4 18.Ne2 Ne5 19.Nd4 Nh5 20.f4 Nc6 21.Nxc6 Rxc6 22.Bg4 e6
23.Bxh5 gxh5 24.Qxh5 Rfc8 25.f5 exf5 26.Rd5 Qc7 27.Rxf5 Qe7 28.Rd1 Qe6 29.Rfd5 Be5
30.Bd2 Rb8 31.f4 Bb2 32.Re1 Qd7 33.Qf3  1-0

[Event "74th Tata Steel GMB"]
[Site "Wijk aan Zee NED"]
[Date "2012.01.15"]
[Round "2"]
[White "Reinderman,D"]
[Black "Bruzon Batista,L"]
[Result "1/2-1/2"]
[WhiteElo "2581"]
[BlackElo "2691"]

1.c4 Nf6 2.Nf3 b6 3.g3 Bb7 4.Bg2 c5 5.O-O g6 6.Nc3 Bg7 7.d4 Ne4 8.Nxe4 Bxe4
9.d5 O-O 10.Bh3 Bxf3 11.exf3 e6 12.f4 a6 13.Rb1 exd5 14.Qxd5 Nc6 15.Qxd7 Qxd7
16.Bxd7 Nb4 17.a3 Nd3 18.Bc6 Rad8 19.Bd5 Rfe8 20.b4 Nxc1 21.Rfxc1 Bd4 22.Kf1 Re7
23.Rc2 Kg7 24.Rd1 Rb8 25.Re2 Rxe2 26.Kxe2 Bc3 27.Rb1 Re8+ 28.Kf3 Re1 29.Rxe1 Bxe1
30.bxc5 bxc5 31.Ke2  1/2-1/2

[Event "Queenstown Classic"]
[Site "Queenstown NZL"]
[Date "2012.01.19"]
[Round "5.6"]
[White "Johansen,D"]
[Black "Bischoff,K"]
[Result "1-0"]
[WhiteElo "2403"]
[BlackElo "2537"]

1.Nf3 Nf6 2.c4 b6 3.g3 Bb7 4.Bg2 c5 5.O-O g6 6.d4 cxd4 7.Qxd4 Bg7 8.Nc3 d6
9.Be3 Nbd7 10.Rfd1 Rc8 11.Rac1 O-O 12.Qh4 Re8 13.b3 a6 14.Bh3 Rc7 15.Bh6 Bxh6
16.Qxh6 Bxf3 17.exf3 Rc5 18.Qe3 Qb8 19.f4 e6 20.Qd4 b5 21.Qxd6 bxc4 22.bxc4 Rxc4
23.Qxa6 Rec8 24.Ne2 Rc2 25.Rxc2 Rxc2 26.Nd4 Rc7 27.Qe2 Qb4 28.Qd2 Qa4 29.Bg2 Ra7
30.Bc6 Qxa2 31.Qxa2 Rxa2 32.Nxe6 fxe6 33.Bxd7 Nxd7 34.Rxd7 Ra1+ 35.Kg2 Re1
36.g4 h5 37.gxh5 gxh5 38.Re7 Kf8 39.Rh7 e5 40.Rxh5 exf4 41.Kf3 Rf1 42.Rh4 Kg7
43.Rxf4 Ra1 44.Rb4 Kg6 45.Rb5 Rh1 46.Kg2 Ra1 47.h4 Rc1 48.f3 Ra1 49.Rc5 Rb1
50.Ra5 Rc1 51.Kg3 Rb1 52.Kg4 Rg1+ 53.Kf4 Rf1 54.Ra6+ Kf7 55.h5 Rb1 56.Kg4 Rb4+
57.f4 Rb5 58.h6 Rc5 59.Ra7+ Kg6 60.h7 Rc8 61.f5+ Kh6 62.Kf4 Re8 63.Rd7 Ra8
64.Ke5 Ra5+ 65.Kd6 Ra6+ 66.Kc5 Ra8 67.f6 Kg6 68.Rg7+ Kh6 69.Rg8 Ra5+ 70.Kb4 Kxh7
71.f7  1-0

[Event "Queenstown Classic"]
[Site "Queenstown NZL"]
[Date "2012.01.20"]
[Round "6.16"]
[White "Dive,RJ"]
[Black "Li,Zuhao Luke"]
[Result "1-0"]
[WhiteElo "2345"]
[BlackElo "2165"]

1.Nf3 Nf6 2.c4 b6 3.g3 c5 4.Bg2 Bb7 5.O-O g6 6.Nc3 Bg7 7.d4 cxd4 8.Qxd4 O-O
9.Qh4 d6 10.Bh6 Nbd7 11.Rac1 Rc8 12.b3 Nc5 13.Rfd1 Ne6 14.Bh3 Rc5 15.Nd5 Bxd5
16.cxd5 Nc7 17.Bxg7 Kxg7 18.e4 Nb5 19.b4 Rc3 20.Qf4 Nh5 21.Qd2 Rxf3 22.Qe2 Rc3
23.Rxc3 Nxc3 24.Qb2 e5 25.Qxc3 Re8 26.Rc1 Nf6 27.Qd3 Qb8 28.Rc6 Re7 29.Qc2 b5
30.Bf1 a6 31.Rxa6 Ra7 32.Rxa7 Qxa7 33.Bxb5 Qd4 34.Qc4 Qd1+ 35.Kg2 Qe1 36.f3 Qd2+
37.Kh3 Qh6+ 38.Kg2 Qd2+ 39.Qe2 Qxb4 40.a4 h5 41.h4 Qc3 42.Qa2 Qa5 43.Kf1 Qb4
44.Qc2 Qa3 45.Ke2 Qa1 46.Qd1 Qb2+ 47.Qd2 Qb3 48.Kf2 Qb1 49.Kg2 Qb3 50.Bc6 Qc4
51.Qe1 Qc2+ 52.Qf2 Qc3 53.Qa2 Qa5 54.Kf1 Qc3 55.Qe2 Qc1+ 56.Kg2 Qc3 57.Qa2 Qa5
58.Qc2 Qb4 59.Kf1 Qd4 60.Qc1 Qd3+ 61.Kf2 Qd4+ 62.Ke2 Qb6 63.Qe1 Qa7 64.a5 Qa6+
65.Kf2 Nd7 66.Qb4 Nc5 67.Qb5 Qc8 68.Kg2 f5 69.exf5 Qxf5 70.Qc4 Qb1 71.Bb5 Qb2+
72.Qe2 Qb4 73.a6 Qa5 74.Bc4 Qb6 75.Qa2 Qa7 76.Qa5 e4 77.f4 Kh7 78.Qb5 e3
79.Qe8 Nxa6 80.Bd3 Nb4 81.Qxg6+ Kh8 82.Qxh5+ Kg8 83.Qg6+ Kh8 84.Bf5  1-0

[Event "17th HIT Open A"]
[Site "Nova Gorica SLO"]
[Date "2012.01.28"]
[Round "2"]
[White "Khudovekov,Stanislav"]
[Black "Solomon,K"]
[Result "0-1"]
[WhiteElo "2088"]
[BlackElo "2461"]

1.Nf3 Nf6 2.c4 c5 3.g3 b6 4.Bg2 Bb7 5.O-O g6 6.b3 Bg7 7.Bb2 O-O 8.e3 d5 9.d3 Nc6
10.Qe2 Re8 11.Ne5 Qd6 12.f4 e6 13.Nd2 Rad8 14.Ndf3 Nd7 15.Ng4 d4 16.e4 f5
17.Nf2 e5 18.fxe5 Ncxe5 19.Nxe5 Nxe5 20.Rae1 Bh6 21.Bc1 Bxc1 22.Rxc1 Re7
23.Qd2 Rf8 24.Rce1 Ref7 25.Qe2 f4 26.gxf4 Rxf4 27.Nh3 Rxf1+ 28.Rxf1 Bc8 29.Rxf8+ Qxf8
30.Nf2 Qf4 31.a4 a5 32.h3 Kg7 33.Nh1 h5 34.Qf1 Qe3+ 35.Kh2 Nxd3 36.Ng3 Nf4
37.h4 Bg4  0-1